00453nam a2200181Ia 4500003000400000008004100004040001600045082001600061100002200077245005200099260002900151300001100180490001300191650002200204650001000226650001200236650002300248GCL140319s9999 xx 000 0 eng d aGCL / cGCL04aPb375bC N1 aCOUDOUGNAN,GERARD10aNOS ANCETERS LES PHARSONS / cCOUDOUGNAN,GERARD a[S.N] : bCNRS ، c1988 a143 PP aCEDEJv004aEDUCATION - EGYPT04aEGYPT04aHISTORY04aCURRICULUMS, EGYPT